| 000 | 00712nam a2200217 4500 | ||
|---|---|---|---|
| 001 | 175017 | ||
| 003 | ES-MaACL | ||
| 005 | 20231215063524.0 | ||
| 008 | 100930s2010 sp a | |||||||| | spa d | ||
| 020 | _a978-84-86701-28-4 | ||
| 080 | _a821.134.2-14"19" | ||
| 100 | 1 |
_aLosada, Miguel _974261 |
|
| 245 | 1 | 0 |
_aÚltima forma / _cMiguel Losada ; palabras preliminares de José Ignacio Serra. |
| 260 |
_aMadrid : _bPolibea, _c[ 2010] |
||
| 300 |
_a60 p. : _bil. ; _c18 cm. |
||
| 490 | 1 |
_aLos conjurados ; _v9 |
|
| 700 | 1 |
_aSerra, José Ignacio. _9143371 |
|
| 830 | 0 |
_aLos conjurados ; _v9 _9191159 |
|
| 852 |
_aES-MaACL _j2257-F-7 _z.- Dedicatoria autógrafa del autor |
||
| 999 |
_c175017 _d175017 |
||